Fundamentals of electric circuits / (Record no. 5540)
[ view plain ]
| 000 -LEADER | |
|---|---|
| fixed length control field | 01033nac a22002771u 4500 |
| 010 ## - LIBRARY OF CONGRESS CONTROL NUMBER | |
| LC control number | 2005052270 |
| 020 ## - INTERNATIONAL STANDARD BOOK NUMBER | |
| International Standard Book Number | 0072977183 |
| 020 ## - INTERNATIONAL STANDARD BOOK NUMBER | |
| International Standard Book Number | 0073256439 |
| 020 ## - INTERNATIONAL STANDARD BOOK NUMBER | |
| International Standard Book Number | 9780072977189 |
| 035 ## - SYSTEM CONTROL NUMBER | |
| System control number | (OCoLC)ocm61204475 |
| 082 00 - DEWEY DECIMAL CLASSIFICATION NUMBER | |
| Classification number | 621.31924 |
| Item number | ALE |
| 090 ## - LOCALLY ASSIGNED LC-TYPE CALL NUMBER (OCLC); LOCAL CALL NUMBER (OCLC) | |
| -- | 5540 |
| -- | 5540 |
| 100 ## - MAIN ENTRY--PERSONAL NAME | |
| Personal name | Alexander, Charles K. |
| 245 10 - TITLE STATEMENT | |
| Title | Fundamentals of electric circuits / |
| Statement of responsibility, etc | Charles K. Alexander, Matthew N.O. Sadiku. |
| 250 ## - EDITION STATEMENT | |
| Edition statement | 3rd ed. |
| 260 ## - PUBLICATION, DISTRIBUTION, ETC. (IMPRINT) | |
| Place of publication, distribution, etc | Boston : |
| Name of publisher, distributor, etc | McGraw-Hill Higher Education,2007 |
| Date of publication, distribution, etc | c2007. |
| 300 ## - PHYSICAL DESCRIPTION | |
| Extent | xxviii, 901, [117] p. : |
| Other physical details | ill. ; |
| Dimensions | 27 cm. |
| 500 ## - GENERAL NOTE | |
| General note | distributer: Al-Ahram |
| 504 ## - BIBLIOGRAPHY, ETC. NOTE | |
| Bibliography, etc | Includes bibliographical references and index. |
| 511 ## - PARTICIPANT OR PERFORMER NOTE | |
| Participant or performer note | catalogued by: wessam |
| 650 #0 - SUBJECT ADDED ENTRY--TOPICAL TERM | |
| Topical term or geographic name as entry element | Electric circuits. |
| 700 1# - ADDED ENTRY--PERSONAL NAME | |
| Personal name | Sadiku, Matthew N. O. |
| 856 42 - ELECTRONIC LOCATION AND ACCESS | |
| Materials specified | Publisher description |
| Uniform Resource Identifier | <a href="http://www.loc.gov/catdir/enhancements/fy0668/2005052270-d.html">http://www.loc.gov/catdir/enhancements/fy0668/2005052270-d.html</a> |
| 856 42 - ELECTRONIC LOCATION AND ACCESS | |
| Materials specified | Table of contents only |
| Uniform Resource Identifier | <a href="http://www.loc.gov/catdir/enhancements/fy0668/2005052270-t.html">http://www.loc.gov/catdir/enhancements/fy0668/2005052270-t.html</a> |
| 942 ## - ADDED ENTRY ELEMENTS (KOHA) | |
| Item type | NB - Book (Non borrowing) |
| Call number prefix | 621.31924ALE |
| Withdrawn status | Item status | Source of classification or shelving scheme | Damaged status | Not for loan | Vendor | Home library | Current library | Shelving location | Date acquired | Source of acquisition | Cost, normal purchase price | Total Checkouts | Full call number | Barcode | Date last seen | Cost, replacement price | Koha item type | Total Renewals | Date last borrowed | Checked out |
|---|---|---|---|---|---|---|---|---|---|---|---|---|---|---|---|---|---|---|---|---|
| Dewey Decimal Classification | Central Library | Central Library | First floor | 30/10/2007 | 160.00 | 621.31924ALE | 000006604 | 15/07/2025 | 200.00 | NB - Book (Non borrowing) | ||||||||||
| Central Library | Central Library | First floor | 30/10/2007 | Purchase | 160.00 | 11 | 621.31924ALE | 000006605 | 15/07/2025 | 200.00 | Book - Borrowing | 127 | 09/10/2019 | |||||||
| Central Library | Central Library | First floor | 30/10/2007 | Purchase | 160.00 | 9 | 621.31924ALE | 000006640 | 20/10/2019 | 200.00 | Book - Borrowing | 114 | 20/10/2019 | 15/04/2021 | ||||||
| Central Library | Central Library | First floor | 30/10/2007 | Purchase | 160.00 | 10 | 621.31924ALE | 000006641 | 15/07/2025 | 200.00 | Book - Borrowing | 89 | 14/10/2024 | |||||||
| Central Library | Central Library | First floor | 30/10/2007 | Purchase | 160.00 | 10 | 621.31924ALE | 000006639 | 15/07/2025 | 200.00 | Book - Borrowing | 136 | 09/10/2019 | |||||||
| Central Library | Central Library | First floor | 30/10/2007 | Purchase | 160.00 | 16 | 621.31924ALE | 000006630 | 15/07/2025 | 200.00 | Book - Borrowing | 50 | 17/05/2016 |